Quiz o Cristiano Ronaldo - Statystyki

Ogólne statystyki
  • Ten quiz został rozwiązany 5 111 razy
  • Średni wynik to 9 z 13
Statystyki odpowiedzi
Pytanie Odpowiedź % Poprawnych
Kto jest jego największym rywalem? Lionel Messi
99%
W jakim państwie się urodził? Portugalia
99%
W jakich europejskich klubach grał? Real Madryt
97%
W jakich europejskich klubach grał? Juventus
91%
W jakich europejskich klubach grał? Manchester United
91%
W jakich europejskich klubach grał? Sporting CP
86%
Jak nazywa się jego marka modowa? (Wskazówka: inicjały + numer) CR7
78%
Ronaldo urodził się w mieście Funchal. Na jakiej wyspie leży to miasto? Madera
68%
Kogo wyprzedził Ronaldo w 2020 roku, stając się zawodnikiem z największą liczbą bramek w rozgrywkach narodowych i klubowych? Pelé
53%
Ile najwięcej goli strzelił w sezonie klubowym? 61
41%
W przeciwieństwie do wielu zawodowych sportowców, takich jak Lebron James czy Zlatan Ibrahimovic, Ronaldo nie ma ani jednego... Tatuażu
41%
Za jakie przestępstwo został skazany w 2018 r., co doprowadziło do surowej grzywny i zawieszenia w zawieszeniu? Unikanie płacenia podatków
32%
Na cześć którego prezydenta USA nosi imię? Ronald Reagan
30%
Nie znaleziono quizów pasujących do podanych kryteriów
Rozkład punktacji
Procent ludzi z każdym wynikiem
Percentyl według liczby udzielonych odpowiedzi
Twoja historia wyników
Nie rozwiązałeś tego quizu